عرض عادي
عرض مارك
- Boylestad, Robert L.
مدخل إسم شخص
001 - رقم الضبط
- حقل الضبط: 5291
003 - معرف رقم الضبط
- حقل الضبط: OSt
005 - تاريخ ووقت أخر عملية
- حقل الضبط: 20111017142913.0
008 - عناصر بيانات ثابتة الطول
- حقل تحكم ثابت الطول: 111017|||a|||||| | ||| d
040 ## - مصدر الفهرسة
- هيئة الفهرسة الأصلية: OSt
- وكالة الكتابة: OSt
100 ## - مدخل -- أسم شخص
- إسم شخص: Boylestad, Robert L.
670 ## - بيانات المصدر موجوده
- الاستشهاد بالمصدر: Work cat.: (OSt)1023: Boylestad, Robert L., Electronic devices and circuit theory /, c2002.
